LEADER 00746nas a2200181 i 4500 001 000000012377 003 CaOOAMICUS 005 20200124110454.0 008 180830n19-? it zx l u0 z|ita u 040 $aSeMil$bita 245 13$aIl sale della terra [Servitium]. 264 1$aSotto il Monte (BG) :$bServitium,$c[19-?]- 300 $av. ;$c21 cm. 500 $aCollana di testi classici della spiritualitą a cura del Priorato di sant'Egidio in Fontanella 710 2 $aPriorato di S. Egidio .$0(OLS)http://semarc/name/2307 996 $6245$aIl sale della terra [Servitium]$9(OLS)http://semarc/title/16432 996 $6264$aSotto il Monte (BG) :$bServitium$9(OLS)http://semarc/publisher/32220 LEADER 00787nam a2200205 i 4500 001 000000125662 003 CaOOAMICUS 005 20250225095403.0 008 080730s1911 it u000 u ita u 013 $a98363 040 $aSeMil$bita 245 10$a2: Libri 3.-4. 260 $aBari :$bLaterza & Figli,$c1911. 300 $a310 p. ;$c22 cm. 773 0 $aLeibniz, Gottfried Wilhelm <1646-1716>$tNuovi saggi sull'intelletto umano.$dBari : Laterza & Figli, 1909-1911.$kClassici della filosofia moderna$g2$w()11477 850 $aSeMil 852 $aSeMil$W1$xVenegono$y1$m2P III 621$j80085$B80085$CSeMilBibl$Z2$F82179 $81 996 $6245$a2: Libri 3.-4$9(OLS)http://semarc/title/185088 996 $6260$aBari :$bLaterza & Figli$9(OLS)http://semarc/publisher/29663